Gill : (Record no. 3938)
[ view plain ]
| 000 -LEADER | |
|---|---|
| fixed length control field | 01053cam a22002772 4500 |
| 001 - CONTROL NUMBER | |
| control field | 0000019447 |
| 005 - DATE AND TIME OF LATEST TRANSACTION | |
| control field | 20151217145915.0 |
| 008 - FIXED-LENGTH DATA ELEMENTS--GENERAL INFORMATION | |
| fixed length control field | 101116s xx 000 0 eng d |
| 020 ## - INTERNATIONAL STANDARD BOOK NUMBER | |
| International Standard Book Number | 0421681309 : |
| 040 ## - CATALOGING SOURCE | |
| Original cataloging agency | KABU |
| Transcribing agency | KABU |
| 100 1# - MAIN ENTRY--PERSONAL NAME | |
| Personal name | Marshall, Enid A. |
| -- | 0000179201 |
| 245 10 - TITLE STATEMENT | |
| Title | Gill : |
| Remainder of title | the law of arbitration / |
| Statement of responsibility, etc. | Enid A. Marshall. |
| 250 ## - EDITION STATEMENT | |
| Edition statement | 4th ed. |
| 260 ## - PUBLICATION, DISTRIBUTION, ETC. (IMPRINT) | |
| Place of publication, distribution, etc. | London : |
| Name of publisher, distributor, etc. | Sweet & Maxwell, |
| Date of publication, distribution, etc. | 2001. |
| 300 ## - PHYSICAL DESCRIPTION | |
| Extent | xx, 206 p. |
| 650 #0 - SUBJECT ADDED ENTRY--TOPICAL TERM | |
| Topical term or geographic name as entry element | Arbitration and award |
| Geographic subdivision | Great Britain. |
| -- | 0000179202 |
| 852 1# - LOCATION | |
| -- | p5390 KES |
| 852 1# - LOCATION | |
| -- | p3609 KES |
| 852 1# - LOCATION | |
| -- | p3609 KES |
| 852 1# - LOCATION | |
| -- | p3609 KES |
| 852 1# - LOCATION | |
| -- | p7450 KES |
| 852 1# - LOCATION | |
| -- | p2860 KES |
| 852 1# - LOCATION | |
| -- | p3609 KES |
| 908 ## - PUT COMMAND PARAMETER (RLIN) | |
| Put command parameter | 101116 |
| 950 ## - LOCAL HOLDINGS (RLIN) | |
| -- | 1 |
| Withdrawn status | Lost status | Source of classification or shelving scheme | Not for loan | Home library | Current library | Date acquired | Total Checkouts | Full call number | Barcode | Date last seen | Date last checked out | Price effective from | Koha item type | Total Renewals |
|---|---|---|---|---|---|---|---|---|---|---|---|---|---|---|
| Library of Congress Classification | Kabarak, Main Campus | Kabarak, Main Campus | 17/12/2015 | 4 | KD7645 .M37 2001 c. 7 | 33913 | 25/07/2019 | 18/06/2019 | 17/12/2015 | General Collection | ||||
| Library of Congress Classification | Kabarak, Main Campus | Kabarak, Main Campus | 17/12/2015 | 1 | KD7645 .M37 2001 c. 9 | 21268 | 25/07/2017 | 10/07/2017 | 17/12/2015 | General Collection | 1 | |||
| Library of Congress Classification | Kabarak, Main Campus | Kabarak, Main Campus | 17/12/2015 | KD7645 .M37 2001 c. 10 | 21269 | 17/12/2015 | 17/12/2015 | General Collection | ||||||
| Library of Congress Classification | Kabarak, Main Campus | Kabarak, Main Campus | 17/12/2015 | 1 | KD7645 .M37 2001 c. 11 | 21272 | 09/06/2017 | 08/06/2017 | 17/12/2015 | General Collection | 1 | |||
| Library of Congress Classification | Kabarak, Main Campus | Kabarak, Main Campus | 17/12/2015 | KD7645 .M37 2001 c. 1 | 23429 | 17/12/2015 | 17/12/2015 | General Collection | ||||||
| Library of Congress Classification | Kabarak, Main Campus | Kabarak, Main Campus | 17/12/2015 | 1 | KD7645 .M37 2001 c. 3 | 23172 | 17/12/2019 | 13/12/2019 | 17/12/2015 | General Collection | ||||
| Library of Congress Classification | Kabarak, Main Campus | Kabarak, Main Campus | 17/12/2015 | 1 | KD7645 .M37 2001 c. 8 | 21271 | 13/08/2020 | 30/07/2020 | 17/12/2015 | General Collection | ||||
| Library of Congress Classification | Kabarak, Main Campus | Kabarak, Main Campus | 17/12/2015 | 2 | KD7645 .M37 2001 c. 5 | 21047 | 26/10/2019 | 22/10/2019 | 17/12/2015 | General Collection | ||||
| Library of Congress Classification | Kabarak, Main Campus | Kabarak, Main Campus | 17/12/2015 | KD7645 .M37 2001 c. 6 | 21088 | 17/12/2015 | 17/12/2015 | General Collection | ||||||
| Library of Congress Classification | Kabarak, Main Campus | Kabarak, Main Campus | 17/12/2015 | 7 | KD7645 .M37 2001 c. 2 | 23428 | 09/12/2021 | 23/11/2021 | 17/12/2015 | General Collection | ||||
| Library of Congress Classification | Kabarak, Main Campus | Kabarak, Main Campus | 17/12/2015 | 2 | KD7645 .M37 2001 c. 4 | 19910 | 21/10/2021 | 13/10/2021 | 17/12/2015 | General Collection |